| 000 | 02921cam a22004694i 4500 | ||
|---|---|---|---|
| 003 | PE-LiUPU | ||
| 005 | 20250731165419.0 | ||
| 008 | 151214s2012 pe a grm 000 0 spa d | ||
| 035 | _a(Sirsi) a155501 | ||
| 040 |
_aPE-LiUPU _bspa _cPE-LiUPU _erda |
||
| 082 | 0 | 4 |
_a222.11 _R74 T3 |
| 099 |
_aTT 3 _bR74 2012 |
||
| 100 | 1 |
_aRodríguez Luque, Alvaro Fernando _eautor |
|
| 245 | 1 |
_a"Elementos misionológicos en Génesis 12: 1-9 y sus implicancias para el entendimiento de la misión de hoy" / _cAlvaro Fernando Rodríguez Luque. |
|
| 264 | 0 | _c2012. | |
| 300 |
_a176 hojas : _bilustraciones; _c28 cm |
||
| 336 |
_atext _2rdacontent |
||
| 337 |
_aunmediated _2rdamedia |
||
| 338 |
_avolume _2rdacarrier |
||
| 502 |
_aTesis _b(Mg.) -- _cUniversidad Peruana Unión, _d2012. |
||
| 504 | _aIncluye referencias | ||
| 520 | 3 | _aLa presente investigación es un estudio bibliográfico del área bíblico-teológica. Sigue el método de interpretación gramático-histórico y está basado en los documentos del texto bíblico en los idiomas originales y en los principios de la gramática hebrea. Se analiza también la biografía que trata sobre el contexto histórico del pasaje en estudio. - La presente investigación considera el asunto de la misión del pueblo de Dios a partir del AT. En tal sentido se determina cuáles son los elementos misionológicos existentes en la perícopa de génesis 12:1-9 y como estos contribuyen a una mejor comprensión de la misión de la iglesia hoy. Los objetivos de la presente investigación son: Primero, identificar los elementos misionológicos y las implicancias para lograr un mejor entendimiento de la misión en la actualidad según Génesis 12:1-9. Segundo, fortalecer la comprensión de las bases bíblicas y teológicas de la misión del pueblo de Dios a partir del AT. El presente estudio muestra que Génesis 12:1-9, como texto base para la misión en el AT, enseña que la misión se origina en Dios, quien se comunica con el ser humano que Él elige para que se convierta en un canal de bendición y así alcanzar a todas las naciones de la tierra. En tal sentido la misión, según el pasaje estudiado, se basa no en lo que se hace solamente sino en lo que se es. Por lo tanto, la misión según el pasaje estudiado consiste en ser bendición en favor de otros. | |
| 526 | _aSEG44 | ||
| 526 | _aSEG26 | ||
| 526 | _aP151 | ||
| 526 | _aP150 | ||
| 526 | _aP149 | ||
| 526 | _aP146 | ||
| 526 | _aP145 | ||
| 526 | _aP126 | ||
| 526 | _aP125 | ||
| 526 | _aP92 | ||
| 526 | _aP75 | ||
| 526 | _aP74 | ||
| 526 | _aP27 | ||
| 526 | _aP15 | ||
| 650 | 0 | 4 |
_aBiblia _pA.T. _pGénesis 12:1-9 _xComentarios _vTesis. |
| 650 | 0 | 4 |
_aMisionología _vTesis. |
| 596 | _a1 | ||
| 942 |
_2ddc _cTESIS |
||
| 999 |
_aTT 3 R74 2012 _wALPHANUM _c8181 _iT01310 _d8181 _lCCODEBUL3 _mBUL _q2 _r1 _sY _tTESIS _u2015-12-14 _xPOSGRADO _PP85 _o.STAFF. Tesis |
||
| 980 |
_81 _gALBERTO SANCHEZ Responsable de Automatización |
||